000 00602nam a2200193Ia 4500
003 GCL
008 140319s9999 xx 000 0 ara d
040 _aGCL /
_cGCL
082 0 4 _a813.01
_bم ف
100 1 _aمصطفى سيد يوسف
245 1 0 _aفى الصباح الباكر /
_cمصطفى سيد يوسف
260 _a[S.N] :
_bالمركز المصرى للابحاث والاعلام والثقافة ،
_c1996
300 _a101 ص
490 _a
650 0 4 _aالادب العربى
650 0 4 _aالقصص العربية
650 0 4 _aالقصة القصيرة
942 _2ddc
_cBK
999 _c37187
_d37187